| Tag |
First Indicator |
Second Indicator |
Subfields |
| LEADER |
00000cam a2200000 a 4500 |
| 001 |
in00001221663 |
| 005 |
20151003052109.0 |
| 008 |
940505s1994 enka b 001 0 eng |
| 010 |
|
|
|a 94012672
|
| 015 |
|
|
|a GB94-62258
|
| 019 |
|
|
|a 30977279
|
| 020 |
|
|
|a 0471951463 :
|c $47.95
|
| 035 |
|
|
|a (OCoLC)30516754
|
| 035 |
|
|
|9 AGR3521AM
|
| 040 |
|
|
|a DLC
|c DLC
|d UKM
|d TXA
|d UtOrBLW
|
| 049 |
|
|
|a TXAM
|
| 050 |
0 |
0 |
|a QA76.9.H85
|b A785 1994
|
| 082 |
0 |
0 |
|a 006
|2 20
|
| 245 |
0 |
0 |
|a Artificial life and virtual reality /
|c edited by Nadia Magnenat Thalmann and Daniel Thalmann.
|
| 264 |
|
1 |
|a Chichester, West Sussex, England ;
|a New York :
|b Wiley,
|c [1994]
|
| 264 |
|
4 |
|c ©1994
|
| 300 |
|
|
|a xv,228 pages :
|b illustrations (some color) ;
|c 25 cm.
|
| 336 |
|
|
|a text
|b txt
|2 rdacontent
|
| 337 |
|
|
|a unmediated
|b n
|2 rdamedia
|
| 338 |
|
|
|a volume
|b nc
|2 rdacarrier
|
| 504 |
|
|
|a Includes bibliographical references.
|
| 650 |
|
0 |
|a Human-computer interaction.
|
| 650 |
|
0 |
|a Virtual reality.
|
| 653 |
0 |
|
|a Simulations
|a Use of
|a Computers
|
| 700 |
1 |
|
|a Magnenat-Thalmann, Nadia,
|d 1946-
|
| 700 |
1 |
|
|a Thalmann, Daniel.
|
| 999 |
|
|
|a MARS
|
| 999 |
f |
f |
|s 10fa0378-0c69-30b6-ba1a-015913cc4c4a
|i b8dfcbe8-9d95-388e-adcd-6c2155ab59d3
|t 0
|
| 952 |
f |
f |
|p ric
|a Texas A&M University
|b Rellis Campus
|c Joint Library Facility
|d Remote Storage
|t 0
|e QA76.9.H85 A785 1994
|h Library of Congress classification
|i unmediated -- volume
|m A14818953604
|
| 998 |
f |
f |
|a QA76.9.H85 A785 1994
|t 0
|l Remote Storage
|